|
|
|
|
| LEADER |
00712nam a22001817a 4500 |
| 082 |
|
|
|a H1
|b AJN/A
|
| 100 |
|
|
|a Ajneya
|9 1643
|
| 245 |
|
|
|a Aaj ke lokpriya hindi kavi:
|b Ajneya/
|c edited by Vidyanivas Mishra
|
| 260 |
|
|
|a Delhi:
|b Raajpal aend sanja,
|c 1999.
|
| 300 |
|
|
|a 144p.
|
| 600 |
|
|
|a Ajneya
|9 1644
|
| 650 |
|
|
|a Poetry Hindi
|9 1645
|
| 650 |
|
|
|a Literature Hindi
|9 1646
|
| 650 |
|
|
|a Literature
|9 1647
|
| 942 |
|
|
|c BK
|
| 999 |
|
|
|c 61360
|d 61360
|
| 952 |
|
|
|0 0
|1 0
|4 0
|6 H_1_000000000000000_AJN_A
|7 0
|9 84081
|a SSUS
|b SSUS
|c STACKS
|d 2016-08-01
|g 50.00
|o H1 AJN/A
|p 017604
|r 2016-08-01
|w 2016-08-01
|y BK
|
| 952 |
|
|
|0 0
|1 0
|4 0
|6 H_1_000000000000000_AJN_A
|7 0
|9 84082
|a SSUS
|b SSUS
|c STACKS
|d 2016-08-09
|g 50.00
|o H1 AJN/A
|p 017601
|r 2016-08-09
|w 2016-08-09
|y BK
|